[Event "1st. bi-monthly Ashmaster's Cup. Over 1600 section"]
[Site "SchemingMind.com"]
[Date "2005.05.08"]
[Round "-"]
[White "Oskyrain"]
[Black "fretless"]
[Result "1-0"]
[WhiteCountry "ARG"]
[BlackCountry "NOR"]
[WhiteElo "2090"]
[WhiteRD "79"]
[BlackElo "1993"]
[BlackRD "72"]
[GameID "14880"]

1. d4 Nf6 2. c4 e6 3. Nc3 Bb4 4. Nf3 c5 5. dxc5 Bxc5 6. e3 O-O 7. Bd3 b6 8. O-O Bb7 9. e4 d6 10. a3 a5
11. Bc2 Nc6 12. Qd3 h6 13. b3 Rc8 14. Bb2 Qe7 15. Na4 Rfd8 16. Rad1 Ne5 17. Qe2 Nxf3+ 18. Qxf3 b5 19. Nxc5 Rxc5 20. Bd4 Rcc8
21. Bd3 bxc4 22. bxc4 Ba6 23. Bb6 Rd7 24. Bxa5 Bxc4 25. Rc1 Rc5 26. Bb6 Bxd3 27. Qxd3 Rxc1 28. Rxc1 Ng4 29. e5 g5 30. Qh3 Rb7
31. Ba5 Nxe5 32. Qxh6 Rb8 33. h3 Ng6 34. Bd2 d5 35. a4 Ra8 36. Bxg5 Qf8 37. Qxf8+ Kxf8 38. Ra1 Ne5 39. h4 Kg7 40. Kf1 Kg6
41. a5 Ra6 42. Ke2 Nc4 43. Bd2 Kh5 44. g3 f5 45. f3 Nxd2 46. Kxd2 f4 47. gxf4 Kxh4 48. Ke3 Kg3 49. Ra3 d4+ 50. Kxd4 Kxf4
51. Kc5 e5 52. Kb5 Ra8 53. a6 e4 54. fxe4 Kxe4 55. a7
1-0

[Event "1st. bi-monthly Ashmaster's Cup. Over 1600 section"]
[Site "SchemingMind.com"]
[Date "2005.05.08"]
[Round "-"]
[White "Oskyrain"]
[Black "bigfoot1"]
[Result "1-0"]
[WhiteCountry "ARG"]
[BlackCountry "FRA"]
[WhiteElo "2162"]
[WhiteRD "89"]
[BlackElo "1815"]
[BlackRD "81"]
[GameID "14881"]

1. d4 Nf6 2. c4 g6 3. Nc3 Bg7 4. Nf3 O-O 5. e4 d6 6. Bd3 Bg4 7. Be3 Nc6 8. Be2 e5 9. d5 Ne7 10. Nd2 Bd7
11. Qb3 b6 12. O-O c6 13. f4 Ng4 14. Bxg4 Bxg4 15. Rae1 exf4 16. Bxf4 a6 17. dxc6 Nxc6 18. Nd5 Ne5 19. Qg3 Bd7 20. b3 h6
21. Nf3 f6 22. Be3 Rb8 23. Nxe5 dxe5 24. Qxg6 Kh8 25. Bxh6
1-0

[Event "1st. bi-monthly Ashmaster's Cup. Over 1600 section"]
[Site "SchemingMind.com"]
[Date "2005.05.08"]
[Round "-"]
[White "Oskyrain"]
[Black "Gordon"]
[Result "1/2-1/2"]
[WhiteCountry "ARG"]
[BlackCountry "ENG"]
[WhiteElo "2090"]
[WhiteRD "79"]
[BlackElo "2128"]
[BlackRD "59"]
[GameID "14882"]

1. d4 Nf6 2. c4 e6 3. Nc3 Bb4 4. Nf3 c5 5. dxc5 Na6 6. Bd2 Nxc5 7. e3 O-O 8. a3 Bxc3 9. Bxc3 b6 10. Bd4 d6
11. b4 Ncd7 12. Be2 Bb7 13. Bb2 Ne4 14. O-O Qe7 15. Nd2 Nxd2 16. Qxd2 Rad8 17. Rfd1 Ne5 18. Rac1 Qg5 19. e4 Qh4 20. Qe3 f6
21. Rd4 Nc6 22. Rd2 Ne5 23. Rcd1 Nf7 24. Bf3 Rc8 25. Qe2 f5 26. exf5 Bxf3 27. Qxf3 e5 28. Qb7 a5 29. Qxb6 axb4 30. axb4 Qxc4
31. Qe3 Qxb4 32. Ba3 Qh4 33. Bxd6 Nxd6 34. Rxd6 Rxf5 35. Rd7 h6 36. h3 Qf4 37. Qa7 Rf7 38. Qa2 Rf8 39. f3 Kh8 40. Rxf7 Rxf7
41. Qe2 Rf8 42. Re1 Rf5 43. Qc2 Qg5 44. h4 Qf6 45. Rb1 Qf8 46. Qc7 Qf7 47. Rb8+ Kh7 48. Qc8 Qa7+ 49. Kh2 Rf4 50. Qg8+ Kg6
51. Qe6+ Kh7 52. Qxe5 Rxh4+ 53. Kg3 Rc4 54. Qf5+ g6 55. Qf8 Qg7 56. Qxg7+ Kxg7 57. Re8 Kf6 58. f4=
1/2-1/2

[Event "1st. bi-monthly Ashmaster's Cup. Over 1600 section"]
[Site "SchemingMind.com"]
[Date "2005.05.08"]
[Round "-"]
[White "Oskyrain"]
[Black "pschalkw"]
[Result "1-0"]
[WhiteCountry "ARG"]
[BlackCountry "NED"]
[WhiteElo "2162"]
[WhiteRD "89"]
[BlackElo "1700"]
[BlackRD "81"]
[GameID "14883"]

1. d4 d5 2. c4 dxc4 3. Nc3 c6 4. e3 b5 5. Nxb5 e6 6. Nc3 Nf6 7. Bxc4 Bb4 8. Nf3 Qa5 9. Bd2 Ba6 10. Bb3 O-O
11. a3 Bxc3 12. Bxc3 Qc7 13. Rc1 Nbd7 14. Qc2 Nd5 15. Bd2 Rac8 16. Ba4 Nb8 17. Ng5 g6 18. Nf3 f6 19. b4 Qd6 20. Bb3 Ne7
21. e4 Kg7 22. Qc5 Qxc5 23. Rxc5 Nd7 24. Ra5 Nb8 25. Bxe6 Rc7 26. Bf4 Rb7 27. Bxb8
1-0

[Event "1st. bi-monthly Ashmaster's Cup. Over 1600 section"]
[Site "SchemingMind.com"]
[Date "2005.05.08"]
[Round "-"]
[White "catsnack"]
[Black "Oskyrain"]
[Result "1-0"]
[WhiteCountry "AUS"]
[BlackCountry "ARG"]
[WhiteElo "1960"]
[WhiteRD "84"]
[BlackElo "2090"]
[BlackRD "79"]
[GameID "14885"]

1. e4 c5 2. Nf3 Nc6 3. Bb5 Nf6 4. Nc3 d5 5. exd5 Nxd5 6. Bxc6+ bxc6 7. Ne4 e5 8. d3 Qc7 9. O-O Be7 10. Re1 O-O
11. h3 Rb8 12. b3 f5 13. Ng3 Bd6 14. Bb2 Re8 15. Nxe5 Bb7 16. Nc4 Bxg3 17. fxg3 Qxg3 18. Be5 Nf4 19. Qd2 Nxh3+ 20. Kf1 Rxe5
21. Rxe5 Qh2 22. Rae1 Qh1+ 23. Ke2 Qxg2+ 24. Kd1 Qg4+ 25. Kc1 Kf8 26. Qe3 Qg5 27. Qxg5 Nxg5 28. Rxf5+
1-0

[Event "1st. bi-monthly Ashmaster's Cup. Over 1600 section"]
[Site "SchemingMind.com"]
[Date "2005.05.10"]
[Round "-"]
[White "fretless"]
[Black "Oskyrain"]
[Result "1-0"]
[WhiteCountry "NOR"]
[BlackCountry "ARG"]
[WhiteElo "2011"]
[WhiteRD "77"]
[BlackElo "2084"]
[BlackRD "81"]
[GameID "14886"]

1. e4 c5 2. Nf3 Nc6 3. d4 cxd4 4. Nxd4 e5 5. Nb5 Nf6 6. N1c3 Bb4 7. Nd6+ Ke7 8. Nxc8+ Rxc8 9. Bd3 d5 10. exd5 Qxd5
11. O-O Bxc3 12. bxc3 Rhd8 13. Ba3+ Ke8 14. Qb1 Qa5 15. Qb3 Rc7 16. f4 exf4 17. Rae1+ Kd7 18. Rxf4 Kc8 19. Rc4 Qg5 20. Bc1 Qd5
21. Qa3 g5 22. Rc5 Qd6 23. Rxg5 Qxa3 24. Bxa3 h6 25. Rg3 b6 26. Ba6+ Kb8 27. Rd3 Rcd7 28. Red1 Kc7 29. Bc1 Rxd3 30. Rxd3 Rxd3
31. cxd3 Nd5 32. Bd2 Kd6 33. d4 h5 34. Kf2 Nd8 35. c4 Nf6 36. Bf4+ Ke7 37. Ke3 Ng4+ 38. Ke4 Nf2+ 39. Kd5 Ne6 40. Bd6+ Kd8
41. c5 Nd1 42. Ke5 Ne3 43. c6 Ng4+ 44. Ke4 f5+ 45. Kd5 Nc7+ 46. Bxc7+ Kxc7 47. Bb7 Ne3+ 48. Ke5 h4 49. d5 Nc4+ 50. Ke6 Nd6
51. Ba6 b5 52. g3 hxg3 53. hxg3 b4 54. Bd3 a5 55. Bc2 Nb5 56. Ke5 Nd6 57. Bb3 Nc8 58. Kxf5 Kd6 59. g4
1-0

[Event "1st. bi-monthly Ashmaster's Cup. Over 1600 section"]
[Site "SchemingMind.com"]
[Date "2005.05.08"]
[Round "-"]
[White "bigfoot1"]
[Black "Oskyrain"]
[Result "0-1"]
[WhiteCountry "FRA"]
[BlackCountry "ARG"]
[WhiteElo "1815"]
[WhiteRD "81"]
[BlackElo "2162"]
[BlackRD "89"]
[GameID "14887"]

1. e4 c5 2. Nf3 Nc6 3. d4 cxd4 4. Nxd4 e5 5. Nb5 Nf6 6. Bg5 Bc5 7. Nd6+ Bxd6 8. Qxd6 Nxe4 9. Bxd8 Nxd6 10. Bh4 Nf5
11. Bg3 d5 12. Bb5 O-O 13. O-O Ncd4 14. Ba4 Nxg3 15. fxg3 b5 16. Bb3 Be6 17. Nc3 Nxb3 18. axb3 b4 19. Nd1 Rfc8 20. Rf2 Rc7
21. Ra4 a5 22. c3 d4 23. c4 e4 24. Rf4 f5
0-1

[Event "1st. bi-monthly Ashmaster's Cup. Over 1600 section"]
[Site "SchemingMind.com"]
[Date "2005.05.08"]
[Round "-"]
[White "Gordon"]
[Black "Oskyrain"]
[Result "1-0"]
[WhiteCountry "ENG"]
[BlackCountry "ARG"]
[WhiteElo "2128"]
[WhiteRD "59"]
[BlackElo "2090"]
[BlackRD "79"]
[GameID "14888"]

1. e4 c5 2. Nf3 Nc6 3. d4 cxd4 4. Nxd4 e5 5. Nb5 Nf6 6. Nd6+ Bxd6 7. Qxd6 Nxe4 8. Qd5 Nf6 9. Qd6 Qe7 10. Qxe7+ Kxe7
11. Bg5 d5 12. Nc3 Be6 13. O-O-O d4 14. Na4 Bxa2 15. b3 Nb4 16. Kb2 Rhc8 17. c3 dxc3+ 18. Nxc3 a5 19. Rc1 Bxb3 20. Kxb3 h6
21. Bxf6+ Kxf6 22. Bc4 Rd8 23. Rhd1 Rac8 24. Rxd8 Rxd8 25. Rd1 Rxd1 26. Nxd1 Ke7 27. Ne3 Kd6 28. Bxf7 Kc5 29. Kc3 b5 30. Nf5 a4
31. Nxg7 Nd5+ 32. Bxd5 b4+ 33. Kb2 Kxd5 34. Nf5 h5 35. Ne3+ Kd4 36. h4 e4 37. g4 hxg4 38. Nxg4 Kd5 39. h5 Ke6 40. h6 Kf7
41. h7 Kg7 42. Nf6 Kh8 43. Nxe4 Kxh7 44. Nc5 a3+ 45. Ka2 Kg6 46. Nd3 Kf5 47. Nxb4 Ke4 48. Kxa3 Kd4 49. f4 Ke4 50. Nd3 Kd5
51. Kb3 Ke4 52. Kc3
1-0

[Event "1st. bi-monthly Ashmaster's Cup. Over 1600 section"]
[Site "SchemingMind.com"]
[Date "2005.05.08"]
[Round "-"]
[White "pschalkw"]
[Black "Oskyrain"]
[Result "0-1"]
[WhiteCountry "NED"]
[BlackCountry "ARG"]
[WhiteElo "1700"]
[WhiteRD "81"]
[BlackElo "2162"]
[BlackRD "89"]
[GameID "14889"]

1. d4 Nf6 2. Nf3 d5 3. e3 e6 4. Bd3 c5 5. c3 Bd6 6. Nbd2 Nbd7 7. dxc5 Nxc5 8. Bc2 e5 9. h3 Qe7 10. O-O O-O
11. Re1 Rd8 12. Qe2 b6 13. e4 Ba6 14. Qe3 Rac8 15. exd5 Nxd5 16. Qg5 Qxg5 17. Nxg5 Nd3 18. Re4 h6 19. Ngf3 N5f4 20. Nf1 Nxc1
21. Rxc1 Ne2+ 22. Rxe2 Bxe2 23. N3h2 Bc5 24. Ng3 Rd2 25. Nxe2 Rxe2 26. Bf5 Rxf2 27. Bxc8 Rc2+ 28. Kf1 Rxc1+
0-1

[Event "1st. bi-monthly Ashmaster's Cup. Over 1600 section"]
[Site "SchemingMind.com"]
[Date "2005.05.11"]
[Round "-"]
[White "fifi"]
[Black "Oskyrain"]
[Result "1-0"]
[WhiteCountry "CAN"]
[BlackCountry "ARG"]
[WhiteElo "2136"]
[WhiteRD "83"]
[BlackElo "2162"]
[BlackRD "89"]
[GameID "15076"]

1. e4 c5 2. Nf3 Nc6 3. d4 cxd4 4. Nxd4 e5 5. Nb5 Nf6 6. f3 Bc5 7. Nd6+ Bxd6 8. Qxd6 Qe7 9. Qxe7+ Kxe7 10. Be3 d5
11. Bc5+ Kd8 12. exd5 Nxd5 13. Na3 Be6 14. O-O-O Kc8 15. Bc4 Nc7 16. Nb5 Nxb5 17. Bxb5 Re8 18. Rhe1 f6 19. Bd6 a6 20. Bd3 g5
21. Be4 h5 22. Re3 a5 23. Rc3 Ra6 24. Bg6 Rg8 25. Bxh5 Rh8 26. g4 Rh7 27. Bg6 Rxh2 28. Bd3 Ra7 29. Be4 Ra6 30. Be7 Rh6
31. Bf8 Rh8 32. Bg7 Rd8 33. Rh1 f5 34. gxf5 Bxa2 35. b3 a4 36. f6 Ra8 37. Kb2 axb3 38. cxb3 Rd2+ 39. Rc2 Rxc2+ 40. Bxc2 Kc7
41. f7
1-0

[Event "1st. bi-monthly Ashmaster's Cup. Over 1600 section"]
[Site "SchemingMind.com"]
[Date "2005.05.11"]
[Round "-"]
[White "fifi"]
[Black "catsnack"]
[Result "1-0"]
[WhiteCountry "CAN"]
[BlackCountry "AUS"]
[WhiteElo "2191"]
[WhiteRD "80"]
[BlackElo "1960"]
[BlackRD "84"]
[GameID "15077"]

1. e4 c5 2. Nf3 Nc6 3. d4 cxd4 4. Nxd4 Nf6 5. Nc3 d6 6. Bg5 e6 7. Qd2 Be7 8. O-O-O O-O 9. f4 Nxd4 10. Qxd4 Qa5
11. Kb1 Rd8 12. Bd3 h6 13. h4 e5 14. Qf2 Bg4 15. Be2 Bxe2 16. Qxe2 exf4 17. Nd5 Nxd5 18. Rxd5 Qc7 19. Bxf4 Rac8 20. g4 Qc4
21. Qg2 Rc5 22. b3 Qc3 23. Rd3
1-0

[Event "1st. bi-monthly Ashmaster's Cup. Over 1600 section"]
[Site "SchemingMind.com"]
[Date "2005.05.11"]
[Round "-"]
[White "fifi"]
[Black "fretless"]
[Result "1-0"]
[WhiteCountry "CAN"]
[BlackCountry "NOR"]
[WhiteElo "2136"]
[WhiteRD "83"]
[BlackElo "1962"]
[BlackRD "71"]
[GameID "15078"]

1. e4 c5 2. Nf3 d6 3. d4 cxd4 4. Nxd4 Nf6 5. Nc3 g6 6. Be3 Bg7 7. f3 O-O 8. Qd2 Nc6 9. O-O-O d5 10. exd5 Nxd5
11. Nxc6 bxc6 12. Bd4 Nxc3 13. Qxc3 Bh6+ 14. Be3 Bxe3+ 15. Qxe3 Qc7 16. Bc4 Re8 17. h4 Qb6 18. Qh6 Rb8 19. b3 c5 20. h5 Qf6
21. hxg6 Qxg6 22. Rd5 Bf5 23. Rxc5 Rec8 24. Ra5 Rb7 25. g4 Qxh6+ 26. Rxh6 Bg6 27. f4
1-0

[Event "1st. bi-monthly Ashmaster's Cup. Over 1600 section"]
[Site "SchemingMind.com"]
[Date "2005.05.11"]
[Round "-"]
[White "fifi"]
[Black "bigfoot1"]
[Result "1-0"]
[WhiteCountry "CAN"]
[BlackCountry "FRA"]
[WhiteElo "2136"]
[WhiteRD "83"]
[BlackElo "1815"]
[BlackRD "81"]
[GameID "15079"]

1. e4 e6 2. d4 d5 3. Nc3 Nf6 4. Bg5 dxe4 5. Nxe4 Be7 6. Bxf6 gxf6 7. Nf3 a6 8. Qd2 b5 9. O-O-O Bb7 10. Qe3 Bd5
11. Nc3 c6 12. Bd3 Nd7 13. Nxd5 cxd5 14. Qh6 Qa5 15. Qg7 Rf8 16. Kb1 O-O-O 17. Rhe1 Nb6 18. Qxh7 Na4 19. c3 Nxb2 20. Kxb2 Kb8
21. Bb1 Ba3+ 22. Kc2 Rc8 23. Kd2 Qxc3+ 24. Ke2 Bb4 25. Kf1 Qc7 26. Re2 f5 27. Rc2 Qe7 28. Rdc1 Rc4 29. Ne5 Rfc8 30. Nxc4 dxc4
31. d5 exd5 32. Re2 Qg5 33. Rd1 Rg8 34. g3 Qg4 35. Bxf5
1-0

[Event "1st. bi-monthly Ashmaster's Cup. Over 1600 section"]
[Site "SchemingMind.com"]
[Date "2005.05.11"]
[Round "-"]
[White "fifi"]
[Black "Gordon"]
[Result "1-0"]
[WhiteCountry "CAN"]
[BlackCountry "ENG"]
[WhiteElo "2046"]
[WhiteRD "92"]
[BlackElo "2067"]
[BlackRD "61"]
[GameID "15080"]

1. e4 c5 2. Nf3 d6 3. d4 cxd4 4. Nxd4 Nf6 5. Nc3 g6 6. Be3 Bg7 7. f3 O-O 8. Qd2 Nc6 9. O-O-O d5 10. exd5 Nxd5
11. Nxc6 bxc6 12. Bd4 e5 13. Bc5 Be6 14. Ne4 Re8 15. h4 h6 16. g4 Qc7 17. g5 h5 18. Bc4 Red8 19. Qf2 Qb7 20. Rd2 a5
21. Rhd1 Rdb8 22. Ba3 Bf8 23. Nc5 Qc7 24. Re1 a4 25. f4 exf4 26. Nxe6 Bxa3 27. bxa3 fxe6 28. Rxe6 Kh7 29. Rde2 Qb7 30. Bxd5 Qb2+
31. Kd2 Rd8 32. R2e5 Rxd5+ 33. Rxd5 cxd5 34. Qxf4 Ra7 35. Qf6 Qxf6 36. Rxf6 Kg7 37. Rf4 Rf7 38. Rxf7+ Kxf7 39. Kd3 Ke6 40. Kd4 Kd6
41. c4
1-0

[Event "1st. bi-monthly Ashmaster's Cup. Over 1600 section"]
[Site "SchemingMind.com"]
[Date "2005.05.11"]
[Round "-"]
[White "fifi"]
[Black "pschalkw"]
[Result "1-0"]
[WhiteCountry "CAN"]
[BlackCountry "NED"]
[WhiteElo "2046"]
[WhiteRD "92"]
[BlackElo "1722"]
[BlackRD "84"]
[GameID "15081"]

1. e4 c5 2. Nf3 Nf6 3. e5 Nd5 4. Nc3 Nxc3 5. dxc3 Nc6 6. Bf4 e6 7. Qe2 a6 8. O-O-O b5 9. Ng5 Bb7 10. Qh5 g6
11. Qf3 Qc7 12. Bg3 Nd8 13. Qf6 Rg8 14. Nxh7 Bg7 15. Qg5 Be4 16. Nf6+ Bxf6 17. exf6 Qa5 18. Qxc5 Nc6 19. Rd6 O-O-O 20. f3 Bd5
21. c4 Kb7 22. cxd5 Ne5 23. b4 Qa3+ 24. Kb1 Rc8 25. Qb6+
1-0

[Event "1st. bi-monthly Ashmaster's Cup. Over 1600 section"]
[Site "SchemingMind.com"]
[Date "2005.05.11"]
[Round "-"]
[White "fifi"]
[Black "Ashmaster"]
[Result "1-0"]
[WhiteCountry "CAN"]
[BlackCountry "IRL"]
[WhiteElo "2046"]
[WhiteRD "92"]
[BlackElo "1345"]
[BlackRD "76"]
[GameID "15082"]

1. e4 c5 2. Nf3 d6 3. d4 cxd4 4. Nxd4 Nf6 5. Nc3 a6 6. Be3 e5 7. Nb3 b5 8. f3 Be6 9. a4 b4 10. Nd5 Bxd5
11. exd5 a5= 12. Bb5+ Nbd7 13. Bc6 Be7 14. Qd3 O-O 15. Bxa8 Qxa8 16. O-O-O
1-0

[Event "1st. bi-monthly Ashmaster's Cup. Over 1600 section"]
[Site "SchemingMind.com"]
[Date "2005.05.11"]
[Round "-"]
[White "Oskyrain"]
[Black "fifi"]
[Result "0-1"]
[WhiteCountry "ARG"]
[BlackCountry "CAN"]
[WhiteElo "2090"]
[WhiteRD "79"]
[BlackElo "2191"]
[BlackRD "80"]
[GameID "15083"]

1. d4 d5 2. c4 e6 3. Nc3 Be7 4. Nf3 Nf6 5. e3 b6 6. Bd3 Bb7 7. O-O O-O 8. b3 Ne4 9. Bb2 Nd7 10. Qc2 f5
11. a3 Rf6 12. cxd5 exd5 13. Ne5 Rh6 14. Rfd1 Bd6 15. Nxe4 fxe4 16. Bxe4 Qe7 17. Bf3 Rf8 18. Ng4 Rg6 19. Be2 Qh4 20. h3 Bc8
21. f4 Nf6 22. Nxf6+ Rfxf6 23. Bf3 Qxh3 24. Bxd5+ Be6 25. Bxe6+ Rxe6 26. Bc1 Rg3 27. Qc6 Bf8 28. Kf2 Qg4 29. Qd5 c6 30. Qxe6+ Qxe6
31. Kxg3 Qxb3 32. Rh1 h6 33. Kf3 c5 34. dxc5 Bxc5 35. a4 g5 36. fxg5 hxg5 37. Bd2 Qd5+ 38. Ke2 Qxg2+ 39. Kd3 Qd5+ 40. Ke2 Qc4+
41. Kf2 g4 42. Rhg1 Be7 43. Rg2 Bf6 44. Rc1 Qxa4 45. Rcg1 Bh4+ 46. Ke2 Qc4+ 47. Kd1 g3 48. Rf2 Qg4+ 49. Kc1 a5 50. Be1 Qc4+
51. Kd2 Qa2+ 52. Kd3 Qb1+ 53. Ke2 Qb5+ 54. Kd2 Qb2+ 55. Kd3 Qb3+ 56. Kd2 b5 57. Rfg2 Qd5+ 58. Ke2 Kf7 59. Bxg3 Qc4+ 60. Kf3 Bf6
61. Rd2 b4 62. Rgd1 b3 63. Rd7+ Ke8 64. Rc7 Qb5 65. Rc8+ Kf7 66. Rc7+ Kg6 67. Rg1 Qd5+ 68. Ke2 Kf5 69. Rf1+ Ke6 70. Rfc1 Qg2+
71. Bf2 Qg4+ 72. Kd2 Qb4+ 73. Ke2 b2 74. R7c6+ Kf5 75. R6c5+ Be5 76. Rb1 Ke4 77. Rc2 Qb5+ 78. Ke1 a4
0-1

[Event "1st. bi-monthly Ashmaster's Cup. Over 1600 section"]
[Site "SchemingMind.com"]
[Date "2005.05.11"]
[Round "-"]
[White "catsnack"]
[Black "fifi"]
[Result "0-1"]
[WhiteCountry "AUS"]
[BlackCountry "CAN"]
[WhiteElo "1960"]
[WhiteRD "84"]
[BlackElo "2191"]
[BlackRD "80"]
[GameID "15084"]

1. e4 c5 2. Nf3 Nc6 3. Bb5 Nf6 4. e5 Nd5 5. Nc3 Nc7 6. Bc4 g6 7. O-O Bg7 8. Re1 O-O 9. d3 b6 10. Bg5 h6
11. Bh4 Bb7 12. a3 d5 13. exd6 Qxd6 14. Qe2 Rae8 15. Rad1 Nd4 16. Nxd4 cxd4 17. Ne4 Qc6 18. f3 Kh8 19. Nd2 e5 20. Qe4 Nd5
21. Bxd5 Qxd5 22. Qxd5 Bxd5 23. c4 dxc3 24. bxc3 Rc8 25. Be7 Rfe8 26. Bb4 a5 27. c4 axb4 28. cxd5 bxa3 29. Nc4 Ra8 30. Nxb6 Ra6
31. Nd7 Rd6 32. Nc5 Rxd5 33. Ne4 f5 34. Nc3 Rc5 35. Na4 Rc2 36. d4 a2
0-1

[Event "1st. bi-monthly Ashmaster's Cup. Over 1600 section"]
[Site "SchemingMind.com"]
[Date "2005.05.11"]
[Round "-"]
[White "fretless"]
[Black "fifi"]
[Result "0-1"]
[WhiteCountry "NOR"]
[BlackCountry "CAN"]
[WhiteElo "1962"]
[WhiteRD "71"]
[BlackElo "2136"]
[BlackRD "83"]
[GameID "15085"]

1. e4 c5 2. Nf3 Nc6 3. d4 cxd4 4. Nxd4 Nf6 5. Nc3 e5 6. Ndb5 d6 7. Nd5 Nxd5 8. exd5 Nb8 9. c4 Be7 10. Bd3 O-O
11. O-O f5 12. b3 a6 13. Nc3 e4 14. Be2 Bf6 15. Qc2 Nd7 16. Be3 f4 17. Bd2 Bxc3 18. Qxc3 Ne5 19. Rfe1 Qh4 20. g3 Qh3
21. Bf1 Qh5 22. Bg2 e3 23. Bxe3 fxe3 24. f4 Ng4 25. h3 Nf2
0-1

[Event "1st. bi-monthly Ashmaster's Cup. Over 1600 section"]
[Site "SchemingMind.com"]
[Date "2005.05.11"]
[Round "-"]
[White "bigfoot1"]
[Black "fifi"]
[Result "0-1"]
[WhiteCountry "FRA"]
[BlackCountry "CAN"]
[WhiteElo "1797"]
[WhiteRD "90"]
[BlackElo "2046"]
[BlackRD "92"]
[GameID "15086"]

1. e4 c5 2. Nf3 Nc6 3. d4 cxd4 4. Nxd4 Nf6 5. Nc3 e5 6. Ndb5 d6 7. Bg5 a6 8. Na3 b5 9. Nd5 Be7 10. c3 Nxe4
11. Bxe7 Nxe7 12. Nc2 Bb7 13. Nce3 Nxd5 14. Nxd5 Qh4 15. g3 Nxg3 16. Bg2 Nxh1
0-1

[Event "1st. bi-monthly Ashmaster's Cup. Over 1600 section"]
[Site "SchemingMind.com"]
[Date "2005.05.11"]
[Round "-"]
[White "Gordon"]
[Black "fifi"]
[Result "1/2-1/2"]
[WhiteCountry "ENG"]
[BlackCountry "CAN"]
[WhiteElo "2128"]
[WhiteRD "59"]
[BlackElo "2191"]
[BlackRD "80"]
[GameID "15087"]

1. e4 c5 2. Nf3 Nc6 3. d4 cxd4 4. Nxd4 Nf6 5. Nc3 e5 6. Ndb5 d6 7. Bg5 a6 8. Na3 b5 9. Bxf6 gxf6 10. Nd5 f5
11. c3 Bg7 12. exf5 Bxf5 13. Nc2 O-O 14. Nce3 Be6 15. Bd3 f5 16. O-O Ra7 17. a4 Ne7 18. Bc2 Nxd5 19. Nxd5 bxa4 20. Rxa4 Kh8
21. Qd2 a5 22. Rd1 Rb7 23. b3 Bd7 24. Ra2 Rb5 25. c4 Rc5 26. Ne3 f4 27. Qxd6 fxe3 28. Qxd7 Qxd7 29. Rxd7 Rxf2 30. Rd8+ Bf8
31. Bb1 Rxa2 32. Bxa2 Kg7 33. Kf1 Rc7 34. Ke2 Bc5 35. Rd1 Rf7 36. Rf1 Rb7 37. g4 Rb4 38. Rd1 Bd4 39. Rb1 Rb7 40. h3 Kg6
41. Rf1 Kg7 42. Rb1 h6 43. Rf1 Bc5 44. Rd1 a4 45. Rb1 Rd7 46. Rd1 Rxd1 47. Kxd1 a3 48. Ke2 Kf6 49. b4 Bxb4 50. Kxe3 Kg5
51. Ke4 Bd6 52. c5 Bxc5=
1/2-1/2

[Event "1st. bi-monthly Ashmaster's Cup. Over 1600 section"]
[Site "SchemingMind.com"]
[Date "2005.05.11"]
[Round "-"]
[White "pschalkw"]
[Black "fifi"]
[Result "0-1"]
[WhiteCountry "NED"]
[BlackCountry "CAN"]
[WhiteElo "1722"]
[WhiteRD "84"]
[BlackElo "2046"]
[BlackRD "92"]
[GameID "15088"]

1. e4 c5 2. Nf3 Nc6 3. d4 cxd4 4. c3 dxc3 5. Nxc3 e6 6. Bc4 a6 7. a4 d6 8. Bf4 Be7 9. O-O Nf6 10. Qe2 O-O
11. Rad1 Qc7 12. Rd2 Ne5 13. Bxe5 dxe5 14. Rc1 Bd7 15. Rdc2 Bc6 16. Bd3 Rfd8 17. b4 Bxb4 18. Nb5 Qa5 19. Nxe5 axb5 20. Nxc6 bxc6
21. axb5 cxb5 22. Bxb5 Rab8 23. Bd3 Nd7 24. f4 Nc5 25. Bc4 Rd2 26. Rxd2 Bxd2 27. Rd1 Bxf4
0-1

[Event "1st. bi-monthly Ashmaster's Cup. Over 1600 section"]
[Site "SchemingMind.com"]
[Date "2005.05.11"]
[Round "-"]
[White "Ashmaster"]
[Black "fifi"]
[Result "0-1"]
[WhiteCountry "IRL"]
[BlackCountry "CAN"]
[WhiteElo "1432"]
[WhiteRD "65"]
[BlackElo "2136"]
[BlackRD "83"]
[GameID "15089"]

1. b3 e5 2. Bb2 Nc6 3. Nf3 d6 4. e4 f5 5. Nc3 Nf6 6. d3 g6 7. Qd2 Bg7 8. O-O-O O-O 9. Re1 a5 10. Kb1 a4
11. Nxa4 b5 12. Nc3 b4 13. Nd5 Nxd5 14. exd5 Ne7 15. d4 e4 16. Ng5 Nxd5 17. Bc4 c6 18. Bxd5+ cxd5 19. f3 Qa5 20. c3 Qxa2+
21. Kc1 Ba6
0-1

[Event "1st. bi-monthly Ashmaster's Cup. Over 1600 section"]
[Site "SchemingMind.com"]
[Date "2005.05.11"]
[Round "-"]
[White "Apocalypse"]
[Black "Oskyrain"]
[Result "1-0"]
[WhiteCountry "USA"]
[BlackCountry "ARG"]
[WhiteElo "2247"]
[WhiteRD "86"]
[BlackElo "2090"]
[BlackRD "79"]
[GameID "15090"]

1. e4 c5 2. Nf3 Nc6 3. Bb5 Nf6 4. d3 Qa5+ 5. Nc3 Nd4 6. Ba4 b5 7. Bb3 Nxb3 8. cxb3 b4 9. Ne2 e6 10. O-O d5
11. e5 Nd7 12. d4 Ba6 13. Re1 c4 14. Nf4 Nb6 15. Ng5 Rc8 16. bxc4 Bxc4 17. Bd2 Be7 18. Qg4 g6 19. b3 Ba6 20. Nfxe6 fxe6
21. Qxe6 Qb5 22. Rac1 Rxc1 23. Rxc1 Bc8 24. Rxc8+ Nxc8 25. Qxc8+ Bd8 26. e6 h6 27. e7
1-0

[Event "1st. bi-monthly Ashmaster's Cup. Over 1600 section"]
[Site "SchemingMind.com"]
[Date "2005.05.11"]
[Round "-"]
[White "Apocalypse"]
[Black "catsnack"]
[Result "1/2-1/2"]
[WhiteCountry "USA"]
[BlackCountry "AUS"]
[WhiteElo "2251"]
[WhiteRD "92"]
[BlackElo "1950"]
[BlackRD "92"]
[GameID "15091"]

1. e4 c5 2. Nf3 Nc6 3. Nc3 d6 4. d4 cxd4 5. Nxd4 Nf6 6. Bg5 e6 7. Qd2 Be7 8. O-O-O O-O 9. f4 Nxd4 10. Qxd4 Qa5
11. Kb1 Rd8 12. Be2 a6 13. Qa4 Qxa4 14. Nxa4 h6 15. Bxf6 Bxf6 16. Nb6 Rb8 17. Rd3 Be7 18. Rhd1 Bd7 19. e5 d5 20. Nxd7 Rxd7
21. c4 Rdd8 22. cxd5 Rxd5 23. Rxd5 exd5 24. Rxd5 Rd8 25. Rxd8+ Bxd8 26. Kc2 g5 27. g3 gxf4 28. gxf4 f6 29. Kd3 fxe5 30. fxe5 Kf7
31. Kd4 Bb6+ 32. Kd5 Ke7 33. h4 Bf2 34. h5 a5 35. Bc4 b6 36. Ke4 Bc5 37. a3 Bf2 38. Kd5 Be3 39. a4 Bc1 40. b3 Bd2
41. Bd3 Be3 42. Be4 Bd2 43. Bf5 Be3 44. Bg4 Bf4 45. Ke4 Bd2 46. Bf5 Bb4 47. Kd5 Bd2 48. Bc2 Be3 49. Bd1 Bd2 50. Bf3 Be3
51. Bg2 Bd2 52. Kd4 Be1 53. Ke4 Bd2 54. Kf5 Be3 55. Bc6 Bd2 56. Bd5 Be3 57. Ke4 Bd2 58. Bc4=
1/2-1/2

[Event "1st. bi-monthly Ashmaster's Cup. Over 1600 section"]
[Site "SchemingMind.com"]
[Date "2005.05.11"]
[Round "-"]
[White "Apocalypse"]
[Black "fretless"]
[Result "1-0"]
[WhiteCountry "USA"]
[BlackCountry "NOR"]
[WhiteElo "2111"]
[WhiteRD "110"]
[BlackElo "1911"]
[BlackRD "74"]
[GameID "15092"]

1. e4 c5 2. Nf3 d6 3. d4 cxd4 4. Nxd4 Nf6 5. Nc3 a6 6. Be3 e5 7. Nb3 Be6 8. f3 Nbd7 9. g4 h6 10. Qd2 Rc8
11. O-O-O b5 12. Kb1 Nb6 13. Qf2 Rxc3 14. Bxb6 Rxf3 15. Qxf3 Qxb6 16. Rg1 Be7 17. h4 O-O 18. Bh3 Qc6 19. Nd2 Rc8 20. g5 Qxc2+
21. Ka1 hxg5 22. Bxe6
1-0